| 000 | 02530nam0a2200349 i 4500 | ||
|---|---|---|---|
| 001 | RU\NLR\BIBL_A\011362909 | ||
| 005 | 20240922001656.0 | ||
| 010 |
_a9785209071846 _9100 экз |
||
| 021 |
_aRU _b2017-15660 _91159 |
||
| 035 | _a(RuMoRGB)008815973 | ||
| 035 | _a(NLR Aleph) 011362909 | ||
| 090 |
_a11307983 _c11307983 |
||
| 100 | _a20170407d2017 km y0rusy50 ca | ||
| 101 | 0 | _arus | |
| 102 | _aRU | ||
| 105 | _aa|||j|||000z| | ||
| 200 | 1 |
_aПроектирование и строительство аэродромов _eучебно-методическое пособие _eдля студентов магистратуры по специальности 08.04.01 "Теория и практика организационно-технологических и экономических решений в строительстве" _fМ. И. Харун _gФедеральное гос. автономное образовательное учреждение высш. образования "Российский ун-т дружбы народов" |
|
| 210 |
_aМосква _cРоссийский университет дружбы народов _d2017 |
||
| 215 |
_a87 с. _cил. _d20 |
||
| 320 | _aБиблиогр.: с. 86 (14 назв.) | ||
| 606 |
_aТранспорт -- Воздушный транспорт -- Авиация -- Аэродромы (аэропорты) -- Изыскания и проектирование аэродромов -- Учебно-методическое пособие для высшей школы _2rubbk |
||
| 606 |
_aТранспорт -- Воздушный транспорт -- Авиация -- Аэродромы (аэропорты) -- Технология строительства аэродромов -- Учебно-методическое пособие для высшей школы _2rubbk |
||
| 606 | 1 |
_aАэродромы _jУчебно-методические пособия для высших учебных заведений _xПроектирование _92169200 _3RU\NLR\AUTH\661304970 |
|
| 606 | 1 |
_aАэродромы _jУчебно-методические пособия для высших учебных заведений _xСтроительство _91073728 _3RU\NLR\AUTH\6699970 |
|
| 686 |
_aО513-02я73-14 _2rubbk |
||
| 686 |
_aО513-06я73-14 _2rubbk |
||
| 686 | 1 | _aО513я73-1 | |
| 700 | 1 |
_aХарун _bМ. И. _f1966- _gМахмуд Исхакович |
|
| 942 | _cBOOK | ||
| 980 | _aNBR | ||